000 01339nam a2200313 a 4500
001 884
003 BR-CuiBMT
005 20231129170253.0
008 231121s2015 bab 000 0 por d
020 _a8544202624 (v. 3)
040 _aBR-CuiBMT
_cBR-CuiBMT
080 _22007
_a343.2
_x(094.9)
_x(079.1)
090 _a343.2(094.9)(079.1)
_bH116l
100 1 _aHabib, Gabriel
245 1 0 _aLeis penais especiais :
_bLeis nº 9.503/1997; 9.029/1995; 9.434/1997; 6.453/1977; 9.263/1996; 10.671/2003; 9.296/1996; 11.340/2006; 8.078/1990; 8.137/1990; 8.069/1990; 11.101/2005 e 7.492/1986 /
_cGabriel Habib.
260 _aSalvador :
_bJusPODIVM,
_c2015.
300 _a v. ;
_c21 cm
490 1 _aColeção leis especiais para concursos ;
_vv. 12
500 _aDicas para realização de provas de concursos artigo por artigo.
500 _aAtualizado de acordo com os informativos e acórdãos do STF/STJ de 2013 e 2014.
590 _aA Biblioteca possui somente o volume 3.
650 _aDireito penal
_vLegislação
_zBrasil
650 _aDireito penal
_xCrimes de trânsito
_zBrasil
650 _aDireito penal
_xEstatuto do torcedor
_zBrasil
650 _aDireito penal
_xLei de interceptação telefônica
_zBrasil
650 _aDireito penal
_xQuestões de concursos
830 0 _aLeis especiais para concursos ;
_v12
942 _2udc
_cLV
999 _c884
_d884